000 00584nam a2200241 a 4500
001 nice12345678
003 IN_TiNIC
005 20260116011651.0
008 050524s0000 teha grp 000 0 per
020 _a
_c100
082 0 0 _a244
_bANO
100 _aAnonymous,
245 _aBiyan-Nam-I-Yak Nafr-I-Masihi
260 _aTehran
_bBrukhim Press
_c0000
300 _a8p
500 _aincludes index and biblioraphy
505 2 _aHand Written Manuscript
650 _aChristianity-Miscellany
700 1 _aAnonymous,
902 _bSRS
942 _cBK
999 _c3265
_d3265